000 01275nam a22003497a 4500
003 CHAP
005 20220329141446.0
008 971013s1988 r 00010 d
010 _a68489
011 _a69461
035 _a78937
040 _cCHAP
090 _aTesis
100 0 0 _aSánchez Pérez, Elpidio.
_9107756
245 _aEvaluación de cuatro productos para el control de Erwinia carotovon subsp. corotovona (Jones) Borg. en dos cultivares de lechuga (Lactuca sativa L.) en el Campo Experimental de la F.A.U.A.N.L. en Marín, N. L.
260 _aMarín, N. L. :
_bEl autor,
_c1988
300 _a79 h.
500 _a29-126
502 _aTesis (Ing. Agrónomo Pasitolólogo) -- Univ. Autónoma de Nuevo León. Fac. de Agronomía
590 _aALEPH
_b10
_c20130110
_lUCH01
_h1405
590 _aBATCH-UPD
_b10
_c20130110
_lUCH01
_h0352
590 _aBATCH-UPD
_b10
_c20130110
_lUCH01
_h2041
590 _aBATCH-UPD
_b10
_c20130410
_lUCH01
_h0025
590 _aBATCH-UPD
_b10
_c20130914
_lUCH01
_h1435
590 _aCONVERSION
_b10
_c20130109
_lUCH01
_h1338
650 1 4 _aErwinia carotovora.
_937359
650 1 4 _aFungicidas.
_944044
650 1 4 _aLechuga
_xEnfermedades.
_965458
901 _aBK
942 _cTESIS
949 _bBC
_cTES
_d-31814
_eTS1
_h21240
_i78937
_si
999 _c68489
_d68489